Statistics for Unsteady lyrics - Gracie Abrams

Click here to take the quiz!

General Stats

  • This quiz has been taken 5 times
  • The average score is 252 of 299

Answer Stats

HintAnswer% Correct
I
100%
I'm
100%
i'm
100%
so
100%
unsteady
100%
a
80%
all
80%
an
80%
and
80%
And
80%
around
80%
At
80%
at
80%
be
80%
been
80%
believe
80%
blue
80%
bone
80%
break
80%
ChorusBut
80%
but
80%
ceiling
80%
changin'
80%
cool
80%
cut
80%
danger
80%
dark)
80%
dark
80%
Verse 2Deeper
80%
deeper
80%
don't
80%
down
80%
'em
80%
end
80%
far
80%
fault
80%
feel
80%
feeling
80%
feels
80%
fighting
80%
freak
80%
girl
80%
go
80%
ground
80%
Happens
80%
hard
80%
Verse 1 | Verse 3Hidin'
80%
home
80%
in
80%
is
80%
island
80%
it
80%
It's
80%
it's
80%
I've
80%
keep
80%
kinda
80%
know
80%
BridgeLately
80%
let
80%
like
80%
me
80%
mirror's
80%
much
80%
my
80%
no
80%
None
80%
now
80%
of
80%
on
80%
Out
80%
out
80%
panic
80%
parties
80%
People
80%
pull
80%
quiet
80%
right
80%
Right
80%
seasons
80%
seem
80%
should
80%
shrinking
80%
Someone
80%
sorta
80%
sound
80%
starin'
80%
stranger
80%
talk
80%
that
80%
the
80%
there's
80%
this
80%
to
80%
up
80%
Violet
80%
Weaker
80%
what
80%
when
80%
When
80%
(When
80%
with
80%
words
80%
funny
60%
get
60%
(Oh)
60%

Score Distribution

Percentile by Number Answered

Percent of People with Each Score

Your Score History

You have not taken this quiz